000 00252nam a2200097Ia 4500
001 1197911
005 20250827021835.0
008 250824s9999 xx 000 0 und d
245 0 _aUZUN BEYAZ BULUT GELİBOLU
_cBUKET UZUNER
260 _bEVEREST YAYINLARI
999 _c1197911
_d1197911